书目信息 |
| 题名: |
塑料添加剂手册
|
|
| 作者: | 德R.根赫特 H.米勒 主编 | |
| 分册: | ||
| 出版信息: | 北京 化学工业出版社 2000 |
|
| 页数: | 758 | |
| 开本: | 20cm | |
| 丛书名: | ||
| 单 册: | ||
| 中图分类: | TQ320.4-62 | |
| 科图分类: | ||
| 主题词: | 合成树脂--化学工业 , 塑料工业 | |
| 电子资源: | ||
| ISBN: | 7-5025-2288-3 | |
| 000 | 00608nam0 2200193 450 | |
| 001 | 0754114953 | |
| 005 | 20070929150154.95 | |
| 010 | @a7-5025-2288-3 | |
| 100 | @a20070929d km y0chiy0120 ea | |
| 101 | 0 | @achi |
| 200 | 1 | @a塑料添加剂手册@Asu liao tian jia ji shou ce@f[德]R.根赫特 H.米勒 主编@F[de]R.gen he te H.mi le zhu bian |
| 210 | @a北京@c化学工业出版社@d2000 | |
| 215 | @a758@c插图@d20cm | |
| 606 | 0 | @a合成树脂@x化学工业 |
| 606 | 0 | @a塑料工业 |
| 690 | @aTQ320.4-62@v3 | |
| 701 | 0 | @a德R.根赫特 H.米勒@Ade R.gen he te H.mi le@4主编 |
| 801 | 0 | @aCN@bPFT@c20070929 |
| 905 | @a213230@dTQ320.4-62@eh23@f1 | |
| 塑料添加剂手册/[德]R.根赫特 H.米勒 主编.-北京:化学工业出版社,2000 |
| 758:插图;20cm |
| ISBN 7-5025-2288-3: |
| ● |
| 相关链接 |
|
|
|
|
正题名:塑料添加剂手册
索取号:TQ320.4-62/h23
 
预约/预借
| 序号 | 登录号 | 条形码 | 馆藏地/架位号 | 状态 | 备注 |
| 1 | 6001045 | 260010455 | 化学系资料室/ [索取号:TQ320.4-62/h23] | 在馆 |